| 000 | 00970nam a22003017a 4500 | ||
|---|---|---|---|
| 001 | 6046 | ||
| 003 | FISKH | ||
| 005 | 20250226160402.0 | ||
| 008 | 250226b cb ||||| |||| 00| 0 eng d | ||
| 020 | _a9780439448963 | ||
| 040 |
_aFISKH _beng _cFISKH _dFISKH |
||
| 050 | _aPZ7.D2193 W | ||
| 082 | _a823.914 | ||
| 100 |
_aM.Baglio, Ben _d(1960-) |
||
| 245 |
_aWolf at the window / _cBen M.Baglio ; Illustration by John Butler |
||
| 250 | _aThis edition first published in 2002 | ||
| 260 |
_aLondon : _bScholastic, _c2000. |
||
| 300 |
_a133 pages : _billustrations ; _c20 cm |
||
| 505 | _aR | ||
| 520 | _aA magnificent wolf out of the past appears to Mandy to get her help to save some young wolves in Scotland. | ||
| 521 | 8 |
_a660
_bLexile |
|
| 521 | 8 |
_aR
_bRaz-Plus |
|
| 650 |
_2Animal Ark _aDogs/wolves/etc |
||
| 650 |
_2Wolves | Coyotes | Wild Dogs _aLevel Q - yellow |
||
| 700 |
_aButler, John _dillustrator |
||
| 942 |
_2ddc _cBK _n0 |
||
| 999 |
_c6046 _d6046 |
||